000 01143nam0a22002891 4500
001 v19\rc\1751317
005 20250619062313.0
035 _a(NLR Aleph) 004855331
090 _a4959782
_c4959782
100 _a20061204d1902 |||y0rusy50 ca
101 0 _arus
102 _aRU
105 _ay z |||a|
200 1 _aРассказы о любви
_fМ. Смирская
205 _a2-е изд.
210 _aОдесса
_cД. Сегон
_d1902
215 _a24 с.
_d22
327 1 _aСодерж.: Для звуков сладких и молитв; Два момента; Весенний вечер; Дни сочтены; Пианист; Ты мой; Гибель; Покинутые
464 0 _12001#$aДля звуков сладких и молитв$aДва момента$aВесенний вечер$aДни сочтены$aПианист$aТы мой$aГибель$aПокинутые
_tПокинутые
700 1 _aСмирская
_bМ.
801 0 _aRU
_bNLR
_gpsbo
801 0 _aRU
_bRuMoRGB
_2psbo
801 1 _aRU
_bProSoft-M
_2rusmarc
852 _aNLR
_j34.83.6.398
899 _aБАН
942 _cBOOK
980 _aNB